Solutions to the problems in chemical engineering volume 1: Chemical engineering, J. M. Coulson and J. F. Richardson

Saved in:
Bibliografiske detaljer
Main Authors: Backhurst, J. R (Author), Harker, J. H (Author), Richardson, J. F (Author)
Format: Bog
Sprog:engelsk
Udgivet: Oxford Butterworth Heinemann 2001
Udgivelse:1a. ed
Fag:
Tags: Tilføj Tag
Ingen Tags, Vær først til at tagge denne postø!

MARC

LEADER 00000nam a2200000 a 4500
001 UCK2649
003 CL-VaPUC
008 050311e20010000UK |||||||||||||||||eng|d
020 |a 075064950X 
082 0 4 |a 660.2  |b BAC  |2 21 
100 0 |a Backhurst, J. R  |e author  |9 490522 
700 0 |a Harker, J. H  |e author  |9 490523 
700 0 |a Richardson, J. F  |e author  |9 490524 
245 1 0 |a Solutions to the problems in chemical engineering volume 1: Chemical engineering, J. M. Coulson and J. F. Richardson 
250 |a 1a. ed 
300 |a 332 p 
942 |c BK 
945 |d 20050311 00:00:00  |a cmena 
260 |a Oxford  |b Butterworth Heinemann  |c 2001 
600 0 7 |a COULSON, JOHN METCALFE  |2 CL-VaPUC  |9 490525 
600 0 7 |a RICHARDSON, JOHN FRANCIS  |2 CL-VaPUC  |9 490526 
650 7 |a INGENIERIA QUIMICA  |2 CL-VaPUC  |9 8 
650 0 |a Mecánica de fluidos   |9 259464 
650 0 |a Problemas, ejercicios, etc  |9 259377 
583 |a last modification  |c 20050311 00:00:00  |k Rodrigo Vera 
999 |c 312085  |d 312083 
952 |0 0  |1 0  |4 0  |6 660_200000000000000_BAC_2001  |7 0  |8 A  |9 381941  |a BIBING  |b BIBING  |d 2019-11-21  |i 4097327  |l 1  |o 660.2 BAC 2001  |p 4097327  |r 2025-01-20  |s 2020-11-12  |w 2019-11-21  |y BK  |k EIQ 
952 |0 0  |1 0  |4 0  |6 660_200000000000000_BAC_2001  |7 0  |8 A  |9 381942  |a BIBING  |b BIBING  |d 2019-11-21  |i 4097165  |o 660.2 BAC 2001  |p 4097165  |r 2025-01-20  |w 2019-11-21  |y BK  |k EIQ